[Event "12. Abierto Villa de Coria del Rio"]
[Site "Coria del Rio ESP"]
[Date "2006.02.12"]
[Round "5.1"]
[White "Matamoros Franco, Carlos S"]
[Black "Malakhatko, Vadim"]
[Result "1/2-1/2"]
[WhiteElo "2510"]
[BlackElo "2556"]
[PlyCount "97"]
[EventDate "2006.02.08"]
[EventType "swiss"]
[EventRounds "9"]
[EventCountry "ESP"]
[Source "lmi"]
[SourceDate "2006.02.16"]

1. c4 c6 2. g3 d5 3. Bg2 Nf6 4. Nf3 dxc4 5. O-O Nbd7 6. Qc2 Nb6 7. a4 a5 8. Na3
g6 9. Nxc4 Nxc4 10. Qxc4 Bg7 11. d3 O-O 12. e4 Be6 13. Qc2 Qc8 14. Be3 Bh3 15.
Rab1 Bxg2 16. Kxg2 Nd7 17. b4 axb4 18. Rxb4 c5 19. Rc4 b6 20. d4 Qa6 21. dxc5
Nxc5 22. Bxc5 bxc5 23. Rb1 Rfc8 24. Rxc5 Rxc5 25. Qxc5 Qxa4 26. Qxe7 Re8 27.
Rb4 Qc6 28. Qb7 Qxb7 29. Rxb7 Rxe4 30. Ng5 Rd4 31. Nxf7 h6 32. h4 Kf8 33. f4
Rd3 34. g4 Kg8 35. g5 hxg5 36. hxg5 Rd5 37. Kf3 Rd3+ 38. Ke4 Rd4+ 39. Ke3 Rd5
40. Nh6+ Bxh6 41. gxh6 Kh8 42. Rg7 Rd6 43. Kf3 Rc6 44. Kg4 Rf6 45. Re7 Rf5 46.
Rg7 Rf6 47. Kg5 Rf5+ 48. Kxg6 Rxf4 49. Re7 1/2-1/2

[Event "12. Abierto Villa de Coria del Rio"]
[Site "Coria del Rio ESP"]
[Date "2006.02.12"]
[Round "5.2"]
[White "Epishin, Vladimir"]
[Black "Lalic, Bogdan"]
[Result "1/2-1/2"]
[WhiteElo "2553"]
[BlackElo "2488"]
[PlyCount "53"]
[EventDate "2006.02.08"]
[EventType "swiss"]
[EventRounds "9"]
[EventCountry "ESP"]
[Source "lmi"]
[SourceDate "2006.02.16"]

1. d4 Nf6 2. c4 g6 3. Nc3 d5 4. Nf3 Bg7 5. Qb3 dxc4 6. Qxc4 O-O 7. e4 a6 8. Qb3
b5 9. e5 Nfd7 10. e6 fxe6 11. Be3 Nf6 12. Rd1 Nd5 13. h4 Qd6 14. h5 Bb7 15.
hxg6 hxg6 16. Rh3 Nd7 17. Ng5 Nxc3 18. bxc3 Bd5 19. Qb1 Rf6 20. Ne4 Bxe4 21.
Qxe4 Nb6 22. Bd3 Nd5 23. Rg3 Raf8 24. Rxg6 Qh2 25. Kd2 Rxg6 26. Qxg6 Rf6 27.
Qg3 1/2-1/2

[Event "12. Abierto Villa de Coria del Rio"]
[Site "Coria del Rio ESP"]
[Date "2006.02.12"]
[Round "5.3"]
[White "Korneev, Oleg"]
[Black "Komljenovic, Davor"]
[Result "0-1"]
[WhiteElo "2649"]
[BlackElo "2458"]
[PlyCount "37"]
[EventDate "2006.02.08"]
[EventType "swiss"]
[EventRounds "9"]
[EventCountry "ESP"]
[Source "lmi"]
[SourceDate "2006.02.16"]

1. e4 c5 2. Nf3 d6 3. d4 cxd4 4. Nxd4 Nf6 5. Nc3 a6 6. Be3 Ng4 7. Bc1 Nf6 8. f3
h5 9. Be3 e6 10. Qd2 Nbd7 11. Bc4 Ne5 12. Bb3 Qc7 13. O-O-O Nc4 14. Bxc4 Qxc4
15. Bg5 Be7 16. Rhe1 O-O 17. Kb1 b5 18. b3 Qc7 19. Nce2 0-1

[Event "12. Abierto Villa de Coria del Rio"]
[Site "Coria del Rio ESP"]
[Date "2006.02.12"]
[Round "5.4"]
[White "Morales Araujo, Francisco J"]
[Black "Escobar, Alder"]
[Result "0-1"]
[WhiteElo "2102"]
[BlackElo "2425"]
[PlyCount "58"]
[EventDate "2006.02.08"]
[EventType "swiss"]
[EventRounds "9"]
[EventCountry "ESP"]
[Source "lmi"]
[SourceDate "2006.02.16"]

1. f4 d5 2. Nf3 g6 3. c3 Bg7 4. g3 c6 5. Bg2 Qb6 6. d4 Nd7 7. Nbd2 Ndf6 8. Ne5
Nh6 9. e4 dxe4 10. Nxe4 Nxe4 11. Bxe4 O-O 12. O-O Nf5 13. Nc4 Qc7 14. g4 Be6
15. Ne5 Nd6 16. Bd3 f6 17. Nxg6 hxg6 18. Bxg6 f5 19. Qe1 Rf6 20. gxf5 Bxf5 21.
Bxf5 Nxf5 22. Bd2 Qd7 23. Qe2 Qe6 24. Qxe6+ Rxe6 25. Rae1 Rxe1 26. Rxe1 Kf7 27.
Kg2 Bf6 28. Kf3 Rh8 29. Re2 e6 0-1

[Event "12. Abierto Villa de Coria del Rio"]
[Site "Coria del Rio ESP"]
[Date "2006.02.12"]
[Round "5.5"]
[White "Rojas, Luis"]
[Black "Morillo-Velarde, Antonio"]
[Result "1-0"]
[WhiteElo "2423"]
[BlackElo "2059"]
[PlyCount "49"]
[EventDate "2006.02.08"]
[EventType "swiss"]
[EventRounds "9"]
[EventCountry "ESP"]
[Source "lmi"]
[SourceDate "2006.02.16"]

1. e4 e6 2. d4 d5 3. e5 c5 4. c3 Qb6 5. Nf3 Bd7 6. Be2 Bb5 7. c4 Bxc4 8. Bxc4
Qb4+ 9. Nbd2 dxc4 10. O-O Ne7 11. a3 Qb5 12. Qe2 cxd4 13. Nxc4 Nc8 14. Nxd4 Qa6
15. a4 Nd7 16. Bg5 Bc5 17. Nb5 Qc6 18. Na5 Qb6 19. Qd2 a6 20. Nc4 Qc6 21. b4
Bf8 22. Na5 Qb6 23. Rfd1 Be7 24. Qxd7+ Kf8 25. Nc7 1-0

[Event "12. Abierto Villa de Coria del Rio"]
[Site "Coria del Rio ESP"]
[Date "2006.02.12"]
[Round "5.6"]
[White "Zozulia, Anna"]
[Black "Peña Dieguez, Manuel"]
[Result "1-0"]
[WhiteElo "2366"]
[BlackElo "2041"]
[PlyCount "41"]
[EventDate "2006.02.08"]
[EventType "swiss"]
[EventRounds "9"]
[EventCountry "ESP"]
[Source "lmi"]
[SourceDate "2006.02.16"]

1. e4 e5 2. Nf3 Nf6 3. Nxe5 Nc6 4. Nxc6 dxc6 5. Nc3 Bc5 6. h3 O-O 7. d3 Re8 8.
Be2 Be6 9. O-O Qd7 10. Kh2 Rad8 11. f4 Qe7 12. Bf3 Bc8 13. Qe2 g5 14. fxg5 Qe5+
15. g3 Qe6 16. Qg2 Kh8 17. gxf6 Rg8 18. Bf4 Rg6 19. Bh5 Rdg8 20. Bxg6 Rxg6 21.
Ne2 1-0

[Event "12. Abierto Villa de Coria del Rio"]
[Site "Coria del Rio ESP"]
[Date "2006.02.12"]
[Round "5.7"]
[White "Vela Ignacio, Jose M"]
[Black "Perez Garcia, Roberto"]
[Result "1-0"]
[WhiteElo "2034"]
[BlackElo "2180"]
[PlyCount "133"]
[EventDate "2006.02.08"]
[EventType "swiss"]
[EventRounds "9"]
[EventCountry "ESP"]
[Source "lmi"]
[SourceDate "2006.02.16"]

1. e4 g6 2. d4 Bg7 3. Nc3 c6 4. Bc4 d6 5. Qf3 e6 6. Nge2 Nd7 7. a4 Qe7 8. a5 h6
9. O-O Ngf6 10. Re1 O-O 11. Nf4 Kh7 12. Nd3 e5 13. Be3 exd4 14. Bxd4 Ne5 15.
Bxe5 dxe5 16. h3 Be6 17. Bxe6 Qxe6 18. Qe3 Rfd8 19. Nc5 Qe7 20. Nb3 Nh5 21. g3
Bf8 22. Rad1 a6 23. Rxd8 Rxd8 24. Rd1 Rxd1+ 25. Nxd1 Qd7 26. Qf3 Ng7 27. Kg2
Ne6 28. h4 Kg7 29. Ne3 h5 30. Nc4 f6 31. c3 Bc5 32. Qe2 Be7 33. Qd2 Qxd2 34.
Ncxd2 f5 35. exf5 gxf5 36. Nc4 Kf6 37. Kf3 Nf8 38. Ke3 Ng6 39. Nbd2 Bc5+ 40.
Ke2 e4 41. b4 Be7 42. f3 exf3+ 43. Nxf3 f4 44. gxf4 Nxf4+ 45. Ke3 Kf5 46. Nd4+
Kg4 47. Ne5+ Kxh4 48. Kxf4 Bg5+ 49. Kf5 Be3 50. Ne2 Ba7 51. Ng6+ Kh3 52. Nef4+
Kg3 53. Nxh5+ Kf3 54. Nf6 c5 55. Ke5 cxb4 56. cxb4 b6 57. b5 bxa5 58. bxa6 a4
59. Nd5 a3 60. Nb4 Ke2 61. Kd5 Kf3 62. Ne5+ Kf4 63. Nc4 Kf5 64. Nxa3 Kf6 65.
Nc6 Bg1 66. Nb5 Kf7 67. Nbd4 1-0

[Event "12. Abierto Villa de Coria del Rio"]
[Site "Coria del Rio ESP"]
[Date "2006.02.12"]
[Round "5.8"]
[White "Valencia Gomez, Jairo Fdo"]
[Black "Nieto Gonzalez, Ismael"]
[Result "0-1"]
[WhiteElo "2030"]
[BlackElo "2154"]
[PlyCount "54"]
[EventDate "2006.02.08"]
[EventType "swiss"]
[EventRounds "9"]
[EventCountry "ESP"]
[Source "lmi"]
[SourceDate "2006.02.16"]

1. e4 c5 2. Nf3 e6 3. d4 cxd4 4. Nxd4 a6 5. Bd3 Qc7 6. Nc3 Nc6 7. Be3 Nf6 8.
O-O b5 9. a3 Bb7 10. Qe2 Be7 11. f3 Ne5 12. Bf2 d5 13. exd5 Nxd3 14. Qxd3 Nxd5
15. Nce2 O-O 16. c3 Rfd8 17. Qb1 Nb6 18. Qc2 Rac8 19. Ng3 Nc4 20. Rad1 Qf4 21.
Rfe1 Bd6 22. Nf1 Qg5 23. Bg3 Bc5 24. Qf2 Qh5 25. Qe2 e5 26. b4 Bb6 27. Bxe5 Re8
0-1

[Event "12. Abierto Villa de Coria del Rio"]
[Site "Coria del Rio ESP"]
[Date "2006.02.12"]
[Round "5.10"]
[White "Torres Ventosa, Pedro Eugenio"]
[Black "Del Campo Gomez, Jose L"]
[Result "0-1"]
[WhiteElo "2023"]
[BlackElo "2103"]
[PlyCount "22"]
[EventDate "2006.02.08"]
[EventType "swiss"]
[EventRounds "9"]
[EventCountry "ESP"]
[Source "lmi"]
[SourceDate "2006.02.16"]

1. e4 c5 2. Nf3 Nc6 3. c3 Nf6 4. Bd3 d5 5. e5 Nd7 6. Bb5 e6 7. Qa4 Qc7 8. d4
cxd4 9. cxd4 Nxd4 10. Nxd4 Qxc1+ 11. Qd1 Bb4+ 0-1

[Event "12. Abierto Villa de Coria del Rio"]
[Site "Coria del Rio ESP"]
[Date "2006.02.13"]
[Round "6.2"]
[White "Lalic, Bogdan"]
[Black "Matamoros Franco, Carlos S"]
[Result "1/2-1/2"]
[WhiteElo "2488"]
[BlackElo "2510"]
[PlyCount "27"]
[EventDate "2006.02.08"]
[EventType "swiss"]
[EventRounds "9"]
[EventCountry "ESP"]
[Source "lmi"]
[SourceDate "2006.02.16"]

1. d4 d5 2. c4 e6 3. Nf3 Nf6 4. Nc3 Be7 5. Bg5 h6 6. Bxf6 Bxf6 7. e3 c6 8. Rc1
Nd7 9. Bd3 O-O 10. O-O a6 11. cxd5 exd5 12. b4 Be7 13. Qb3 Bd6 14. a4 1/2-1/2

[Event "12. Abierto Villa de Coria del Rio"]
[Site "Coria del Rio ESP"]
[Date "2006.02.13"]
[Round "6.3"]
[White "Komljenovic, Davor"]
[Black "Zozulia, Anna"]
[Result "1-0"]
[WhiteElo "2458"]
[BlackElo "2366"]
[PlyCount "27"]
[EventDate "2006.02.08"]
[EventType "swiss"]
[EventRounds "9"]
[EventCountry "ESP"]
[Source "lmi"]
[SourceDate "2006.02.16"]

1. d4 Nf6 2. c4 g6 3. Nc3 Bg7 4. e4 O-O 5. f4 d6 6. Nf3 c5 7. dxc5 Qa5 8. Bd3
Qxc5 9. Qe2 Bg4 10. Be3 Qa5 11. O-O Nc6 12. Rac1 Nd7 13. Qf2 Bxf3 14. gxf3 1-0

[Event "12. Abierto Villa de Coria del Rio"]
[Site "Coria del Rio ESP"]
[Date "2006.02.13"]
[Round "6.4"]
[White "Escobar, Alder"]
[Black "Vela Ignacio, Jose M"]
[Result "1-0"]
[WhiteElo "2425"]
[BlackElo "2034"]
[PlyCount "71"]
[EventDate "2006.02.08"]
[EventType "swiss"]
[EventRounds "9"]
[EventCountry "ESP"]
[Source "lmi"]
[SourceDate "2006.02.16"]

1. e4 c5 2. Nf3 Nc6 3. d4 cxd4 4. Nxd4 e5 5. Nb5 a6 6. Nd6+ Bxd6 7. Qxd6 Qf6 8.
Qd1 Qg6 9. Nc3 Nge7 10. Be3 d5 11. Nxd5 Nxd5 12. Qxd5 Be6 13. Qd2 Rd8 14. Bd3
f5 15. f3 fxe4 16. Bxe4 Bf5 17. Bxf5 Qxf5 18. Qc3 Nd4 19. Bxd4 Rxd4 20. Qc5 Kf7
21. Qc7+ Rd7 22. Qc4+ Kg6 23. g4 Qf6 24. Qe4+ Kf7 25. O-O Rhd8 26. Qxh7 Rd2 27.
Rae1 Qb6+ 28. Kh1 R8d6 29. Qh5+ Kg8 30. Qe8+ Kh7 31. Rxe5 Rf2 32. Rh5+ Rh6 33.
Rxh6+ gxh6 34. Qf7+ Kh8 35. Rd1 h5 36. Qf8+ 1-0

[Event "12. Abierto Villa de Coria del Rio"]
[Site "Coria del Rio ESP"]
[Date "2006.02.13"]
[Round "6.5"]
[White "Nieto Gonzalez, Ismael"]
[Black "Rojas, Luis"]
[Result "0-1"]
[WhiteElo "2154"]
[BlackElo "2423"]
[PlyCount "56"]
[EventDate "2006.02.08"]
[EventType "swiss"]
[EventRounds "9"]
[EventCountry "ESP"]
[Source "lmi"]
[SourceDate "2006.02.16"]

1. c4 e6 2. d4 d5 3. Nc3 c5 4. cxd5 exd5 5. Nf3 Nc6 6. e3 Nf6 7. Be2 Be7 8.
dxc5 Bxc5 9. O-O O-O 10. Nd4 Re8 11. a3 a6 12. Bf3 Ne5 13. b3 Qd6 14. Bb2 Bg4
15. h3 Nxf3+ 16. Nxf3 Bh5 17. Ne2 Bxf3 18. gxf3 Nh5 19. Qd3 Re6 20. Qf5 Rh6 21.
Rfd1 Rd8 22. Be5 Qe7 23. b4 Rg6+ 24. Bg3 Nxg3 25. Nxg3 Bxe3 26. Kg2 Rg5 27. Qc2
Bf4 28. Qc5 Qe2 0-1

[Event "12. Abierto Villa de Coria del Rio"]
[Site "Coria del Rio ESP"]
[Date "2006.02.13"]
[Round "6.6"]
[White "Del Campo Gomez, Jose L"]
[Black "Korneev, Oleg"]
[Result "0-1"]
[WhiteElo "2103"]
[BlackElo "2649"]
[PlyCount "66"]
[EventDate "2006.02.08"]
[EventType "swiss"]
[EventRounds "9"]
[EventCountry "ESP"]
[Source "lmi"]
[SourceDate "2006.02.16"]

1. d4 d5 2. c4 e6 3. Nc3 c6 4. Nf3 Nf6 5. e3 Nbd7 6. Qc2 Bd6 7. g4 Bb4 8. Bd2
b6 9. g5 Bxc3 10. Bxc3 Ne4 11. Rg1 Qe7 12. O-O-O Bb7 13. Bd3 Nxc3 14. Qxc3
O-O-O 15. e4 Kb8 16. Kb1 Rc8 17. Rge1 g6 18. b4 dxc4 19. Bxc4 h6 20. h4 hxg5
21. hxg5 Rh3 22. Re3 Qd6 23. e5 Qe7 24. Qb3 c5 25. bxc5 bxc5 26. d5 exd5 27.
Bxd5 Nb6 28. Bxb7 Qxb7 29. Ka1 c4 30. Qa3 c3 31. Nd4 Nc4 32. Qc1 Nxe3 33. fxe3
Rh2 0-1

[Event "12. Abierto Villa de Coria del Rio"]
[Site "Coria del Rio ESP"]
[Date "2006.02.13"]
[Round "6.7"]
[White "Razmyslov, Alexander"]
[Black "Romero Romero, Sebastian"]
[Result "1-0"]
[WhiteElo "2329"]
[BlackElo "2002"]
[PlyCount "95"]
[EventDate "2006.02.08"]
[EventType "swiss"]
[EventRounds "9"]
[EventCountry "ESP"]
[Source "lmi"]
[SourceDate "2006.02.16"]

1. e4 c5 2. Nf3 Nc6 3. d4 cxd4 4. Nxd4 Nf6 5. Nc3 e5 6. Ndb5 d6 7. Nd5 Nxd5 8.
exd5 Ne7 9. c4 Ng6 10. Qa4 Bd7 11. Qb4 Qb8 12. Be3 a6 13. Nc3 Be7 14. Na4 Qc7
15. Bb6 Qb8 16. Ba5 Qa7 17. Nb6 Rd8 18. Nxd7 Rxd7 19. Bb6 Qb8 20. Bd3 Nh4 21.
O-O f5 22. Bc2 O-O 23. Ba4 Qe8 24. Bxd7 Qxd7 25. f3 f4 26. c5 Rf6 27. c6 bxc6
28. dxc6 Qxc6 29. Rac1 Qd5 30. Qe4 Qxa2 31. Rc8+ Kf7 32. Qxh7 Qxb2 33. Qg8+ Kg6
34. Bf2 Nf5 35. Qd5 Qb5 36. Qe4 Kf7 37. g4 fxg3 38. hxg3 g6 39. Rb1 Qd7 40.
Rcb8 Qe6 41. Qc6 Ng7 42. Rh8 d5 43. Qa8 g5 44. Qg8+ Kg6 45. Qh7+ Kf7 46. Rg8
Rg6 47. Rb6 Bd6 48. Rb7+ 1-0

[Event "12. Abierto Villa de Coria del Rio"]
[Site "Coria del Rio ESP"]
[Date "2006.02.13"]
[Round "6.8"]
[White "Carrabeo Garcia, Manuel"]
[Black "Melero Fidalgo, Juan de Dios"]
[Result "1/2-1/2"]
[WhiteElo "2135"]
[BlackElo "2195"]
[PlyCount "84"]
[EventDate "2006.02.08"]
[EventType "swiss"]
[EventRounds "9"]
[EventCountry "ESP"]
[Source "lmi"]
[SourceDate "2006.02.16"]

1. d4 Nf6 2. Nf3 e6 3. e3 b6 4. Bd3 Bb7 5. Nbd2 c5 6. c3 Be7 7. O-O d6 8. e4
cxd4 9. cxd4 Nbd7 10. Qe2 Nh5 11. g3 g6 12. b4 d5 13. exd5 Bxd5 14. Ne4 O-O 15.
Bh6 Ng7 16. Ne5 Nf6 17. b5 Nxe4 18. Bxe4 Re8 19. Bxg7 Bxe4 20. Qxe4 Kxg7 21.
Rac1 Bf6 22. Rc6 a6 23. Rfc1 axb5 24. Rc7 Bxe5 25. Qxe5+ Qf6 26. Rb7 Qxe5 27.
dxe5 Reb8 28. Rxb8 Rxb8 29. Rb1 Ra8 30. Rxb5 Ra6 31. Rb2 g5 32. g4 Kf8 33. Rb4
Rxa2 34. Rxb6 Ra5 35. Rb8+ Kg7 36. Rb3 Rxe5 37. Kg2 Re4 38. Kf3 Rc4 39. Ra3 h5
40. gxh5 Rh4 41. Kg3 f5 42. Ra7+ Kf6 1/2-1/2

[Event "12. Abierto Villa de Coria del Rio"]
[Site "Coria del Rio ESP"]
[Date "2006.02.13"]
[Round "6.9"]
[White "Fernandez Lumbreras, Miguel A"]
[Black "Campora, Daniel H"]
[Result "0-1"]
[WhiteElo "1959"]
[BlackElo "2541"]
[PlyCount "42"]
[EventDate "2006.02.08"]
[EventType "swiss"]
[EventRounds "9"]
[EventCountry "ESP"]
[Source "lmi"]
[SourceDate "2006.02.16"]

1. e4 d6 2. d4 Nf6 3. Nc3 g6 4. Be2 Bg7 5. h4 c5 6. Be3 cxd4 7. Bxd4 Nc6 8. Be3
h5 9. f3 a6 10. Qd2 b5 11. Nh3 Bb7 12. a3 Rc8 13. Ng5 O-O 14. Nh3 Ne5 15. Bh6
Qb6 16. Qe3 Qxe3 17. Bxe3 d5 18. Bd4 Nc4 19. b3 e5 20. bxc4 exd4 21. Nxd5 Nxd5
0-1

[Event "12. Abierto Villa de Coria del Rio"]
[Site "Coria del Rio ESP"]
[Date "2006.02.13"]
[Round "6.10"]
[White "Perez Garcia, Roberto"]
[Black "Barragan Fuentes, Luis"]
[Result "1-0"]
[WhiteElo "2180"]
[BlackElo "1883"]
[PlyCount "25"]
[EventDate "2006.02.08"]
[EventType "swiss"]
[EventRounds "9"]
[EventCountry "ESP"]
[Source "lmi"]
[SourceDate "2006.02.16"]

1. e4 e5 2. Nf3 Nc6 3. d4 exd4 4. Nxd4 Bc5 5. Be3 Qf6 6. Nb5 Bxe3 7. fxe3 Qd8
8. Qg4 g6 9. Qf4 d6 10. Bc4 Be6 11. Bxe6 fxe6 12. O-O a6 13. Qf7# 1-0

[Event "12. Abierto Villa de Coria del Rio"]
[Site "Coria del Rio ESP"]
[Date "2006.02.14"]
[Round "7.1"]
[White "Rojas, Luis"]
[Black "Malakhatko, Vadim"]
[Result "0-1"]
[WhiteElo "2423"]
[BlackElo "2556"]
[PlyCount "76"]
[EventDate "2006.02.08"]
[EventType "swiss"]
[EventRounds "9"]
[EventCountry "ESP"]
[Source "lmi"]
[SourceDate "2006.02.16"]

1. e4 e6 2. d4 d5 3. e5 c5 4. c3 Qb6 5. Nf3 Nc6 6. Be2 cxd4 7. cxd4 Nge7 8. Nc3
Nf5 9. Na4 Qa5+ 10. Bd2 Bb4 11. Bc3 b5 12. a3 Bxc3+ 13. Nxc3 b4 14. axb4 Qxb4
15. Bb5 Bd7 16. Bxc6 Bxc6 17. Qd2 a5 18. O-O O-O 19. g4 Ne7 20. Ne1 f5 21. exf6
Rxf6 22. Qe3 e5 23. Nc2 Qxb2 24. dxe5 Rg6 25. Nd4 Rxg4+ 26. Kh1 Nf5 27. Qf3
Nxd4 28. Qxg4 Qxc3 29. Rab1 Qf3+ 30. Qxf3 Nxf3 31. Rb6 Nxe5 32. f4 d4+ 33. Kg1
Nf3+ 34. Kf2 Be4 35. Rc1 d3 36. Rc7 d2 37. Rd6 a4 38. Rc4 a3 0-1

[Event "12. Abierto Villa de Coria del Rio"]
[Site "Coria del Rio ESP"]
[Date "2006.02.14"]
[Round "7.2"]
[White "Epishin, Vladimir"]
[Black "Komljenovic, Davor"]
[Result "1/2-1/2"]
[WhiteElo "2553"]
[BlackElo "2458"]
[PlyCount "28"]
[EventDate "2006.02.08"]
[EventType "swiss"]
[EventRounds "9"]
[EventCountry "ESP"]
[Source "lmi"]
[SourceDate "2006.02.16"]

1. d4 Nf6 2. c4 g6 3. Nc3 d5 4. cxd5 Nxd5 5. e4 Nxc3 6. bxc3 Bg7 7. Bc4 O-O 8.
Ne2 c5 9. d5 Nd7 10. Bf4 Ne5 11. Bxe5 Bxe5 12. O-O Bd7 13. a4 a6 14. f4 Bg7
1/2-1/2

[Event "12. Abierto Villa de Coria del Rio"]
[Site "Coria del Rio ESP"]
[Date "2006.02.14"]
[Round "7.3"]
[White "Matamoros Franco, Carlos S"]
[Black "Escobar, Alder"]
[Result "1/2-1/2"]
[WhiteElo "2510"]
[BlackElo "2425"]
[PlyCount "51"]
[EventDate "2006.02.08"]
[EventType "swiss"]
[EventRounds "9"]
[EventCountry "ESP"]
[Source "lmi"]
[SourceDate "2006.02.16"]

1. c4 e6 2. g3 Nf6 3. Bg2 d5 4. Nf3 Be7 5. O-O O-O 6. b3 b6 7. Bb2 Bb7 8. e3
dxc4 9. bxc4 c5 10. Qe2 Nc6 11. Nc3 Qc7 12. Ne1 Na5 13. f4 Bxg2 14. Nxg2 Rad8
15. Rad1 Qd7 16. d3 a6 17. a4 Nc6 18. g4 Ne8 19. f5 Nb4 20. d4 Qc6 21. fxe6
fxe6 22. Rxf8+ Bxf8 23. d5 exd5 24. cxd5 Qc8 25. Nf4 Nf6 26. h3 1/2-1/2

[Event "12. Abierto Villa de Coria del Rio"]
[Site "Coria del Rio ESP"]
[Date "2006.02.14"]
[Round "7.4"]
[White "Korneev, Oleg"]
[Black "Lalic, Bogdan"]
[Result "1-0"]
[WhiteElo "2649"]
[BlackElo "2488"]
[PlyCount "82"]
[EventDate "2006.02.08"]
[EventType "swiss"]
[EventRounds "9"]
[EventCountry "ESP"]
[Source "lmi"]
[SourceDate "2006.02.16"]

1. e4 e6 2. d4 d5 3. Nc3 Bb4 4. e5 Ne7 5. a3 Bxc3+ 6. bxc3 b6 7. Qg4 Ng6 8. h4
h5 9. Qd1 Qd7 10. Bg5 Qc6 11. Qd2 Ba6 12. Bxa6 Nxa6 13. Ne2 Kd7 14. O-O Raf8
15. f4 Nb8 16. f5 exf5 17. Qd3 Kc8 18. Ng3 Kb7 19. Nxf5 f6 20. exf6 gxf6 21.
Bf4 Re8 22. Bg3 Re4 23. Rae1 Rg4 24. Re3 Qd7 25. c4 dxc4 26. Qxc4 Nc6 27. c3
Rh7 28. Kh2 Nce7 29. Nxe7 Rxe7 30. Rxe7 Nxe7 31. Qd3 Qc6 32. Qh7 Nd5 33. Qxh5
Ne3 34. Rf3 Re4 35. Qg6 Re7 36. Bf2 Nf1+ 37. Kh3 Nd2 38. Qxf6 Qd7+ 39. g4 Nxf3
40. Qxf3+ c6 41. Bg3 Qe6 1-0

[Event "12. Abierto Villa de Coria del Rio"]
[Site "Coria del Rio ESP"]
[Date "2006.02.14"]
[Round "7.5"]
[White "Campora, Daniel H"]
[Black "Razmyslov, Alexander"]
[Result "1/2-1/2"]
[WhiteElo "2541"]
[BlackElo "2329"]
[PlyCount "57"]
[EventDate "2006.02.08"]
[EventType "swiss"]
[EventRounds "9"]
[EventCountry "ESP"]
[Source "lmi"]
[SourceDate "2006.02.16"]

1. e4 c5 2. Nf3 d6 3. c3 Nf6 4. Bd3 Nc6 5. O-O Bg4 6. h3 Bh5 7. Re1 e6 8. Bf1
Be7 9. d3 d5 10. Nbd2 Qc7 11. a3 a5 12. a4 O-O 13. Qe2 Rfe8 14. g3 Bg6 15. Nh4
Nd7 16. Nxg6 hxg6 17. Bg2 dxe4 18. Nxe4 Nf6 19. f4 Rad8 20. Rf1 Nd5 21. Qf2 Nf6
22. Qe2 Qb6 23. Kh1 Qa6 24. Nf2 Bd6 25. Bd2 Bb8 26. Rae1 Ne7 27. Bc1 g5 28. Ne4
Nxe4 29. Bxe4 1/2-1/2

[Event "12. Abierto Villa de Coria del Rio"]
[Site "Coria del Rio ESP"]
[Date "2006.02.14"]
[Round "7.6"]
[White "Zozulia, Anna"]
[Black "Valencia Gomez, Jairo Fdo"]
[Result "1-0"]
[WhiteElo "2366"]
[BlackElo "2030"]
[PlyCount "49"]
[EventDate "2006.02.08"]
[EventType "swiss"]
[EventRounds "9"]
[EventCountry "ESP"]
[Source "lmi"]
[SourceDate "2006.02.16"]

1. e4 c5 2. Nf3 Nc6 3. d4 cxd4 4. Nxd4 e5 5. Nb5 a6 6. Nd6+ Bxd6 7. Qxd6 Qf6 8.
Qxf6 Nxf6 9. Nc3 Nb4 10. Kd2 d5 11. a3 d4 12. axb4 dxc3+ 13. Ke3 cxb2 14. Bxb2
O-O 15. f3 Re8 16. Bd3 Bd7 17. Ra5 b5 18. Rha1 Re6 19. Bxb5 Bxb5 20. Rxb5 Nd7
21. Rb7 Nb6 22. Rc7 f6 23. Ke2 Nc8 24. Rd1 Nd6 25. Rc6 1-0

[Event "12. Abierto Villa de Coria del Rio"]
[Site "Coria del Rio ESP"]
[Date "2006.02.14"]
[Round "7.7"]
[White "Melero Fidalgo, Juan de Dios"]
[Black "Morillo-Velarde, Antonio"]
[Result "1-0"]
[WhiteElo "2195"]
[BlackElo "2059"]
[PlyCount "81"]
[EventDate "2006.02.08"]
[EventType "swiss"]
[EventRounds "9"]
[EventCountry "ESP"]
[Source "lmi"]
[SourceDate "2006.02.16"]

1. e4 e6 2. d4 d5 3. Nc3 Bb4 4. e5 c5 5. Bd2 Ne7 6. Nb5 Bxd2+ 7. Qxd2 O-O 8.
dxc5 Nd7 9. f4 Nxc5 10. O-O-O Ne4 11. Qe1 Bd7 12. Nd4 Qb6 13. Ngf3 Rac8 14. Bd3
Nc6 15. Bxe4 Nxd4 16. Bxh7+ Kxh7 17. Rxd4 g6 18. h4 Kg7 19. Qd2 Rh8 20. g4 Qa6
21. Kb1 Ba4 22. b3 Bd7 23. h5 Qc6 24. h6+ Kf8 25. g5 Qc3 26. Qxc3 Rxc3 27. Rd3
Rc7 28. Kb2 Kg8 29. Rc3 Bc6 30. Nd4 Kh7 31. Rhh3 Rhc8 32. Rc5 b6 33. Rxc6 Rxc6
34. Nxc6 Rxc6 35. Rc3 Rc5 36. Rxc5 bxc5 37. Ka3 a6 38. Ka4 Kg8 39. Ka5 f6 40.
Kxa6 c4 41. bxc4 1-0

[Event "12. Abierto Villa de Coria del Rio"]
[Site "Coria del Rio ESP"]
[Date "2006.02.14"]
[Round "7.8"]
[White "Morales Araujo, Francisco J"]
[Black "Perez Garcia, Roberto"]
[Result "1/2-1/2"]
[WhiteElo "2102"]
[BlackElo "2180"]
[PlyCount "51"]
[EventDate "2006.02.08"]
[EventType "swiss"]
[EventRounds "9"]
[EventCountry "ESP"]
[Source "lmi"]
[SourceDate "2006.02.16"]

1. f4 d5 2. Nf3 g6 3. c3 Bg7 4. g3 c6 5. Bg2 Qb6 6. d4 Nd7 7. Nbd2 Ndf6 8. Ne5
Nh6 9. e4 dxe4 10. Nxe4 Nxe4 11. Bxe4 O-O 12. O-O Nf5 13. Nc4 Qc7 14. g4 Be6
15. Ne5 Nd6 16. Bc2 f6 17. Nd3 b6 18. Qe2 Bc4 19. f5 Qd7 20. b3 Bf7 21. Nf4
gxf5 22. gxf5 Nxf5 23. Qg4 e6 24. Nxe6 Bxe6 25. Bxf5 Rae8 26. Ba3 1/2-1/2

[Event "12. Abierto Villa de Coria del Rio"]
[Site "Coria del Rio ESP"]
[Date "2006.02.14"]
[Round "7.10"]
[White "Torres Ventosa, Pedro Eugenio"]
[Black "Carrabeo Garcia, Manuel"]
[Result "0-1"]
[WhiteElo "2023"]
[BlackElo "2135"]
[PlyCount "44"]
[EventDate "2006.02.08"]
[EventType "swiss"]
[EventRounds "9"]
[EventCountry "ESP"]
[Source "lmi"]
[SourceDate "2006.02.16"]

1. e4 c5 2. Nf3 d6 3. c3 Nf6 4. h3 Nc6 5. Bd3 e5 6. Bc2 Be7 7. O-O g5 8. Nxg5
Rg8 9. d4 cxd4 10. Bb3 Rg7 11. Re1 h6 12. Nxf7 Rxf7 13. Bxf7+ Kxf7 14. Bxh6 Qh8
15. Bg5 Be6 16. cxd4 Nxd4 17. Nc3 Rg8 18. h4 Rxg5 19. hxg5 Ng4 20. Ne2 Qh2+ 21.
Kf1 Qh1+ 22. Ng1 Nh2# 0-1